| 000 | 00438nam a22001697a 4500 | ||
|---|---|---|---|
| 003 | OSt | ||
| 005 | 20250813130636.0 | ||
| 008 | 250811b |||||||| |||| 00| 0 eng d | ||
| 020 | _a109887654321 | ||
| 082 |
_bHARD _a615 |
||
| 100 | _aHarris, Gardiner | ||
| 245 | _aDark Secrets of jhonson and jhonson: Deception corruption death | ||
| 260 |
_aGurugram _bPenguin Random House |
||
| 300 | _a444P. | ||
| 546 | _aEnglish | ||
| 942 |
_2ddc _cBK |
||
| 999 |
_c3838 _d3838 |
||